Analýza flexibility účtovného obdobia v Slovenskej republike za obdobie 2011-2018

Účtovné jednotky a využívanie možnosti zmeny účtovného obdobia na hospodársky rok ako zmena s racionálnym základom zvyčajne v špecifickom druhu podnikania konkrétnej účtovnej jednotky, najmä účtovných jednotiek so sezónnou povahou svojej ekonomickej činnosti. Analýza využitia alternatívy účtovného o...

Descrizione completa

Salvato in:
Dettagli Bibliografici
Autore principale: Kubaščíková, Zuzana, 1982-
Altri autori: Juhászová, Zuzana, 1970-, Tumpach, Miloš, 1970-
Natura: Capitolo di libro
Lingua:slovacco
Soggetti:
Tags: Aggiungi Tag
Nessun Tag, puoi essere il primo ad aggiungerne!!

MARC

LEADER 00000naa$a2200000$$$4500
001 0270909
005 20240502074242.9
041 0 |a slo 
044 |a SK 
245 1 0 |a Analýza flexibility účtovného obdobia v Slovenskej republike za obdobie 2011-2018  |c Zuzana Kubaščíková, Zuzana Juhászová, Miloš Tumpach 
520 |a Účtovné jednotky a využívanie možnosti zmeny účtovného obdobia na hospodársky rok ako zmena s racionálnym základom zvyčajne v špecifickom druhu podnikania konkrétnej účtovnej jednotky, najmä účtovných jednotiek so sezónnou povahou svojej ekonomickej činnosti. Analýza využitia alternatívy účtovného obdobia slovenskými účtovnými jednotkami, počet účtovných jednotiek a oblasť ich podnikania pre podloženie dôvodov vedúcich účtovnú jednotku k zmene účtovného obdobia. Prípady účtovných jednotiek vyznačujúcich sa sezónnosťou a využitie možnosti alternatívnej voľby účtovného obdobia v období 2011 – 2018. 
610 2 0 |a účtovníctvo 
610 2 0 |a jednotka účtovná 
610 2 0 |a obdobie účtovné 
610 2 0 |a sezónnosť 
610 2 0 |a obdobie zdaňovacie 
610 2 0 |a odvetvia činnosti ekonomickej 
610 2 0 |a Slovensko 
100 1 |a Kubaščíková, Zuzana, 1982- 
700 1 |a Juhászová, Zuzana, 1970- 
700 1 |a Tumpach, Miloš, 1970-